L'islam médiéval: historie et civilisation

Guardat en:
Dades bibliogràfiques
Autor principal: Grunebaum, Gustave E. Von (Autor)
Format: Llibre
Idioma:francès
Publicat: París Payot 1962
Col·lecció:Bibliothèque Historique
Matèries:
Etiquetes: Afegir etiqueta
Sense etiquetes, Sigues el primer a etiquetar aquest registre!

MARC

LEADER 00000nam a2200000 a 4500
001 UCP5302
003 CL-VaPUC
008 990903e19620000FR |||||||||||||||||fre|d
082 0 4 |a 297.09  |b GRU  |2 21 
100 |a Grunebaum, Gustave E. Von  |e author  |9 449371 
245 1 2 |a L'islam médiéval: historie et civilisation 
300 |a 379 p 
942 |c BK 
945 |d 19990903 00:00:00  |a crobeson 
260 |a París  |b Payot  |c 1962 
650 0 |a Islamismo  |9 314084 
650 0 |a Historia religiosa  |9 314583 
583 |a last modification  |c 19990903 00:00:00  |k Rodrigo Vera 
490 0 |a Bibliothèque Historique 
999 |c 283070  |d 283068 
952 |0 0  |1 0  |4 0  |6 297_090000000000000_GRU_1962  |7 0  |8 A  |9 325834  |a BIBHIS  |b BIBHIS  |d 2019-11-20  |i 1357379  |o 297.09 GRU 1962  |p 1357379  |r 2025-01-20  |w 2019-11-20  |y BK  |k HIS